Management of human service programs

Master management and leadership with MANAGEMENT OF HUMAN SERVICE PROGRAMS. Practical and easy to use, this human services text provides important guidelines for working within agencies that every manager of administrator needs to know. Every chapter includes a case example with reflection questions...

ver descrição completa

Na minha lista:
Detalhes bibliográficos
Autor principal: Lewis, Judith A.
Formato: Livro
Idioma:Undetermined
Publicado em: Belmont, CA Thomson Brooks/Cole 2007
Assuntos:
Tags: Adicionar Tag
Sem tags, seja o primeiro a adicionar uma tag!
Thư viện lưu trữ: Trung tâm Học liệu Trường Đại học Cần Thơ
LEADER 01387nam a2200229Ia 4500
001 CTU_124087
008 210402s9999 xx 000 0 und d
020 |c 919000 
082 |a 361.0068 
082 |b L674 
100 |a Lewis, Judith A. 
245 0 |a Management of human service programs 
245 0 |c Judith A. Lewis, Thomas Packard, Michael D. Lewis 
260 |a Belmont, CA 
260 |b Thomson Brooks/Cole 
260 |c 2007 
520 |a Master management and leadership with MANAGEMENT OF HUMAN SERVICE PROGRAMS. Practical and easy to use, this human services text provides important guidelines for working within agencies that every manager of administrator needs to know. Every chapter includes a case example with reflection questions to help you view the issues in action and to help you reflect on how you would handle the scenario. Topics include challenges of management, environments of human service agencies, program design, organizational theory, organizational design, human resources, supervisory relationships, finances, information systems, program evaluation, organizational change, leadership, and achieving and maintaining organizational excellence. 
650 |a Human services,Human services 
650 |x Management,Management.,Case studies 
650 |z United States 
904 |i Minh 
980 |a Trung tâm Học liệu Trường Đại học Cần Thơ